Statistics for Countries Levi Eshkol visited

Click here to take the quiz!

General Stats

  • This quiz has been taken 11 times
  • The average score is 6 of 11

Answer Stats

ContinentCountry% Correct
North AmericaCanada
100%
EuropeFrance
100%
EuropeUnited Kingdom
100%
North AmericaUnited States of America
100%
AfricaUganda
71%
AfricaKenya
43%
AfricaIvory Coast
29%
AfricaRepublic of the Congo
29%
AfricaMadagascar
14%
AfricaSenegal
14%
AfricaLiberia
0%

Score Distribution

Percentile by Number Answered

Percent of People with Each Score

Your Score History

You have not taken this quiz